Statistics for The 65 Poorest Countries in the World

Click here to take the quiz!

General Stats

  • This quiz has been taken 298 times
    (141 since last reset)
  • The average score is 48 of 65

Answer Stats

Nr.AnswerGDP per capita% Correct
3Democratic Republic of the Congo$ 874
91%
5Niger$ 1,152
88%
22Chad$ 2,603
87%
61Republic of the Congo$ 7,336
86%
38Sudan$ 3,986
85%
9South Sudan$ 1,715
85%
1Burundi$ 724
84%
18Yemen$ 2,312
84%
24Ethiopia$ 2,702
84%
2Central African Republic$ 864
83%
23Rwanda$ 2,642
83%
4Eritrea$ 1,103
83%
40Senegal$ 4,079
83%
39Kenya$ 4,078
82%
13Haiti$ 1,916
81%
25Uganda$ 2,753
81%
60Ghana$ 7,343
80%
10Sierra Leone$ 1,765
80%
43Zambia$ 4,174
79%
33Tanzania$ 3,652
79%
16Afghanistan$ 2,182
79%
21Guinea$ 2,574
78%
26Zimbabwe$ 2,778
78%
20Mali$ 2,569
78%
12Togo$ 1,913
78%
7Mozambique$ 1,372
77%
57Angola$ 6,763
76%
11Madagascar$ 1,776
76%
32Benin$ 3,648
76%
34Lesotho$ 3,655
76%
14Guinea-Bissau$ 2,113
75%
6Malawi$ 1,292
75%
55Nigeria$ 6,172
75%
46Côte d'Ivoire$ 4,754
75%
8Liberia$ 1,428
75%
27The Gambia$ 2,892
75%
54Pakistan$ 6,016
74%
51Bangladesh$ 5,453
73%
53Djibouti$ 5,855
73%
48Mauritania$ 5,185
72%
47Cambodia$ 5,004
72%
31Nepal$ 3,550
70%
52Honduras$ 5,600
69%
17Kiribati$ 2,193
69%
59Myanmar$ 7,220
68%
42Cameroon$ 4,099
68%
62Moldova$ 8,161
68%
45Tuvalu$ 4,535
67%
28Comoros$ 2,898
66%
64El Salvador$ 8,593
66%
56Samoa$ 6,493
65%
58Tonga$ 6,867
65%
36Tajikistan$ 3,751
65%
41Papua New Guinea$ 4,081
64%
30São Tomé and Príncipe$ 3,499
64%
15Burkina Faso$ 2,181
64%
44Kyrgyzstan$ 4,193
63%
35Federated States of Micronesia$ 3,657
63%
50Timor-Leste$ 5,321
61%
49Nicaragua$ 5,297
61%
29Vanuatu$ 3,039
61%
19Solomon Islands$ 2,363
61%
63Bolivia$ 8,525
58%
37Marshall Islands$ 3,972
57%
65Vietnam$ 8,677
54%

Score Distribution

Percentile by Number Answered

Percent of People with Each Score

Your Score History

You have not taken this quiz since the last reset